| 000 | 00328nam a2200109Ia 4500 | ||
|---|---|---|---|
| 008 | 171211s9999 xx 000 0 und d | ||
| 245 | _aContested Canonizations: The Last Medieval Saints, 1482-1523 | ||
| 245 | _cRonald C. Finucane | ||
| 260 | _c2011 | ||
| 650 | _xRELIGION | ||
| 856 | _uhttp://down.ebook777.com/063/0813218756.pdf | ||
| 999 |
_c350559 _d350559 |
||